Freeze Corleone - Carrière - Statistiques

Statistiques générales
  • Ce quiz a été pris 86 fois
    60 depuis la dernière actualisation
  • Le résultat moyen est 60 sur 210
Statistiques - réponses
Hint Réponse % Correct
1 Freeze Raël
85%
11 S/O Congo
85%
7 S/O Congo Part.2
85%
1 Intro
82%
1 INTRO
82%
9 Baton Rouge
79%
2 Jeremy Lin
73%
2 Hors ligne
70%
12 Jour de plus
70%
12 Jour de plus - Chopped & $crewed
70%
4 Amérique du sud
67%
4 Amérique du sud - Chopped & $crewed
67%
1 MW2
67%
1 MW2 - Chopped & $crewed
67%
16 PDM (feat. Alpha 5.20 & Shone)
67%
13 Lamborghini bénie
64%
13 Lamborghini bénie - Chopped & $crewed
64%
5 Rap catéchisme (feat. Alpha Wann)
64%
3 Shavkat
64%
3 Shavkat - Chopped & $crewed
64%
10 Voldemort
64%
10 Voldemort - Chopped & $crewed
64%
5 Ancelotti
61%
5 Ancelotti - Chopped & $crewed
61%
8 Big Pharma
61%
9 Bill Clinton
61%
9 Bill Clinton - Chopped & $crewed
61%
2 Isshin Ashina
61%
2 Isshin Ashina - Chopped & $crewed
61%
7 Kpop
61%
7 Kpop - Chopped & $crewed
61%
10 Le Chen
61%
11 R.I.P. Pop Smoke
61%
10 Sacrifice de Masse (feat. Osirus Jack)
61%
17 Chen Laden
58%
11 Donquixote Doflamingo
58%
6 Fentanyl
58%
8 L'homme méthode
58%
8 L'homme méthode - Chopped & $crewed
58%
5 LRH
58%
3 Scellé part.2 (feat. ASHE 22)
58%
13 Numérologie (feat. Stavo)
55%
6 Stretch 4
55%
4 Tarkov
55%
6 Tse Chi Lop
55%
6 Tse Chi Lop - Chopped & $crewed
55%
3 3 Planètes
52%
11 Argent noir part.3
52%
11 Argent noir part.3 - Chopped & $crewed
52%
14 Dans les buissons (feat. Osirus Jack & Roi Heenok)
52%
12 Ekip
52%
12 L'art de la guerre (feat. Black Jack OBS)
52%
3 Madara
52%
7 Pas de refrain (feat. Kaki Santana)
52%
1 THC
52%
15 Desiigner
48%
8 Fredo Santana
48%
10 SCELLÉ PART.4
48%
4 Lester
45%
2021 Scellé Part.3 (feat. ASHE 22)
45%
9 Logo Audi (feat. Despo Rutti)
42%
10 Moncler (feat. La F)
42%
11 OUTRO
42%
8 CARTIER
36%
2022 Cash (feart. VEERUS)
36%
2019 Crystal Lake (feat. Luv Resval)
36%
2026 DICTIONNAIRES (feat. Ninho)
36%
7 OLIVINE
36%
2026 Serrure #667 (feat. La Rvfleuze)
36%
6 TX
36%
2020 7 sur 7 (feat. Koba LaD)
30%
2 Argent Noir Pt.2
30%
2 DÉGRADÉ
30%
2020 Drill FR 4 (feat. Gazo)
30%
15 Eclipse - Chopped & $crewed
30%
2024 ENCORE LES PROBLÈMES (feat. Kalash Criminel)
30%
2022 Eurovision (feat. A2ANTI, ASHE 22, Baby Gang, Beny Jr, Central Cee, Morad & Rondodasosa)
30%
6 INTERLUDE
30%
2 Karin
30%
13 Mage Noir
30%
2021 Polémique (feat. Central Cee)
30%
11 Prof Chen
30%
8 Toilettes
30%
2025 112 (feat. JRK 19)
27%
4 2014
27%
1 2016 T'as Peur
27%
2026 446 (feat. Jeune Lion)
27%
7 ABC
27%
14 Cash Money - Chopped & $crewed
27%
5 Karim Et Nico
27%
2021 Mannschaft (feat. SCH)
27%
7 Mode Avion
27%
9 Q.B
27%
3 SADIO RIYAD
27%
6 Villa
27%
9 YASSER
27%
3 8P4C
24%
2022 Apocalypse (feat. Kaaris & Kalash Criminel)
24%
9 Braquage (feat. Odeuxzero)
24%
10 Essence
24%
8 Fléau
24%
2016 Gaucho
24%
2020 IRM (feat. Kaaris)
24%
3 Uzi (feat. Black Jack)
24%
2 Alphonse Karr
21%
9 Benjamins Bleus
21%
4 BILLETS
21%
12 Hassan II
21%
5 Mach 6 (feat. Osirus Jack)
21%
5 MOISSANITE
21%
8 Présence Menaçante
21%
5 R.N.T
21%
2021 Téléphone (Extrait de CRCLR MVT SAISON II)
21%
4 Comme ça
18%
14 Elèves (feat. Lala &ce)
18%
4 Gobi
18%
2022 Lampadaire, Pt.2 (feat. Osirus Jack)
18%
6 Luffy
18%
2020 ny à fond (feat. Alpha Wann)
18%
10 Vuvuzela
18%
13 Alarme (feat. Kaki Santana)
15%
2020 Braquage à l'africaine ,Pt.5 (feat. Kalash Criminel & Sazamyzy)
15%
11 Fu shit (feat. Afro S)
15%
12 JPMA
15%
2025 | 2025 (remix) Louisville (feat. Tha Trickaz)
15%
2023 Metaverse (feat. Rim'K)
15%
2024 Neuralink (feat. Osirus Jack)
15%
15 Pas de montant (feat. Norsacce & Slim C)
15%
2020 S/O le Flem (feat. Django & Roi Heenok)
15%
7 Still Tippin' 2015 (feat. Slim C)
15%
2016 Apu
12%
2024 Beterbiev (feat. Zkr)
12%
2022 Fraude (feat. Amine Farsi)
12%
2023 Iniesta (feat. Alonzo) [Du Nord au Sud]
12%
2021 Les professeurs (feat. Seth Gueko & Vladimir Cauchemar)
12%
2019 Purification (feat. Alkpote)
12%
2023 Sommet (feat. Richie Beats)
12%
2020 TPM (feat. Guy2Bezbar)
12%
2026 VRK 667 (feat. Osirus Jack)
12%
2019 10 (feat. DOC OVG)
9%
2017 16 pains (freestyle)
9%
2021 27 (feat. DA Uzi)
9%
2019 38 Spécial (feat. Roi Heenok)
9%
2021 4 saisons (feat. Norsacce Berlusconi)
9%
2022 669 Tah (feat. Mini RTTCLAN)
9%
2024 Crypto Cash (feat. Dany Dan & Kyo Itachi)
9%
2019 Cyanure (feat. Django)
9%
2024 Drapeaux hissés (feat. Jack Many)
9%
2022 Inception (feat. Zuukou mayzie)
9%
2025 Intro DVM (feat. DVM)
9%
2020 La violence (feat. La F)
9%
2020 Moneygram (feat. Nahir)
9%
2022 Moneygram, Part.2 (feat. Nahir)
9%
2025 Moneygram Part.3 (feat. Nahir)
9%
2019 Pakistan (feat. Worms-T)
9%
2021 Règne sur le monde
9%
2020 War (feat. CriminIs, Mezgo di pasta, POWER GENIUS, RAS & Slim C)
9%
2022 90' (feat. Doums)
6%
2022 Braquage à l africaine 667 (feat. Afro S, Black Jack OBS, DOC OVG, Norsacce Berlusconi, Osirus Jack, Sazamyzy & Slim C)
6%
2022 C10 (feat. Afro S)
6%
2025 Le Big & Le Big (feat. Bon Chance, Sazamyzy)
6%
2020 LPDLD (feat. Norsacce Berlusconi & RAS)
6%
2014 Mangemort
6%
2020 Nino Brown (feat. Afro S)
6%
2020 O.J Simpson (feat. Criminls & RAS)
6%
2021 Pépé Anglais (feat. Zuukou mayzie)
6%
2020 Pour It Up (feat. Bendo & Stanlee)
6%
2024 PURPLE DREAM (feat. Sazamyzy)
6%
2017 Recette
6%
2021 Rétro (feat. Deeloc)
6%
2022 Réunion (feat. Stavo)
6%
2023 SANTOS (feat. JMK$)
6%
2020 Serpents & Renards (feat. Slim C)
6%
2020 Zone 51 (feat. Jolly)
6%
2022 1000 (feat. DOC OVG)
3%
2022 667OO (feat. ASHE 22, Dahirvè, Keta, Nko & Sacky)
3%
2020 Anarchie (feat. CDL, Stavo & Zesau)
3%
2020 (remix) Anarchie (feat. Stavo & Zesau)
3%
2022 Balotelli (feat. Prince Waly)
3%
2021 BLOODS (feat. ALP)
3%
2024 BMF (feat. Dadinho)
3%
2021 Grammy (feat. Mac Tyer)
3%
2024 Intemporel (feat. Black Jack OBS)
3%
2018 Jack Sparrow (feat. Jorrdee & Zuukou mayzie)
3%
2023 .KANYE WEST. (feat. Bambino47)
3%
2017 Ldo Dans la Place
3%
2022 Maybach Phantom (feat. Kpri)
3%
2022 Movie (feat. FLEM KGB & JEY BROWNIE)
3%
2017 Only (feat. DPC OVG, Norsacce Berlusconi & DOC OVG)
3%
2022 Pour la paix (feat. 2Key)
3%
2020 Purge 5 (feat. Negrito)
3%
2020 Qui-Gon Jinn (feat. Zuukou mayzie)
3%
2021 Sacrifice de Masse, Pt.2 (feat. Osirus Jack)
3%
2022 Toujours pas de refrain (feat. Kaki Santana 667)
3%
2023 TRANSIT (feat. Oldpee)
3%
2020 Unstoppable (feat. Kozi)
3%
2018 Yamanote Line (feat. Zuukou mayzie)
3%
2024 ZDG (Zone De Guerre) (feat. Despo Rutti, Escobar, Étranger en Service, Kozi, Macson, Norsacce Berlusconi & Poison Mobutu)
3%
2024 Bless Me (feat. Fenix Flexin)
0%
2019 Homme de l'ombre (feat. Kaki Santana 667)
0%
2021 Jackie Chan 2 (feat. Gouap RTTCLAN)
0%
2023 Loop Holes (feat. Ralfy the Plug)
0%
2023 Nouvel Ordre (feat. CriminIs)
0%
2023 Prend le pouvoir (feat. Slim C)
0%
2017 Skrt skrt (freestyle)
0%
2022 Trap Kongo (feat. Kozi)
0%
2020 Travail d'Ekip (feat. Black Jack OBS, DOC OVG, Kpri, Mini RTTCLAN, Noma Rttclan, Norsacce Berlusconi & Shaka)
0%
Aucun quiz correspondant
Distribution des résultats
% des personnes avec chaque résultat
Percentile par nombre de réponses
Votre historique - résultats
Vous n’avez pas pris ce quiz depuis la dernière actualisation